[Event "Lyon op"]
[Site "Lyon"]
[Date "2005.04.21"]
[Round "7"]
[White "Lorello, Alfio"]
[Black "Colovray, Anthony"]
[Result "1-0"]
[WhiteElo "1870"]
[BlackElo "1700"]
[PlyCount "71"]
[EventDate "2005.04.16"]
[EventType "swiss"]
[EventRounds "9"]
[EventCountry "FRA"]
[SourceTitle "CBM 105 Extra"]
[Source "ChessBase"]
[SourceDate "2005.05.01"]
[SourceVersion "1"]
[SourceVersionDate "2005.05.01"]
[SourceQuality "1"]

1. e4 c5 2. Nf3 e6 3. d4 cxd4 4. Nxd4 a6 5. c4 b6 6. Bd3 Qc7 7. 0-0 Bb7 8. a3 Nf6 9. Nc3 Bd6 10. Qe2 Nc6 11. Nf3 Ne5 12. Nxe5 Bxe5 13. g3 0-0 14. Be3 Bd6 15. Bg5 Be5 16. Rfe1 h6 17. Be3 Qc6 18. Bd2 Rfe8 19. Rac1 Qc5 20. Be3 Qc6 21. Bd2 Bd4 22. b4 e5 23. Nd5 Nxd5 24. exd5 Qf6 25. Qe4 Bxf2+ 26. Kg2 Bxe1 27. Qh7+ Kf8 28. Rxe1 Ke7 29. Rf1 Qd6 30. Qxg7 Kd8 31. Be4 Kc8 32. Bxh6 Kb8 33. Rxf7 Bc8 34. Be3 a5 35. Rf6 Qe7 36. Rxb6+ 1-0

[Event "FRA-chT3 Gr12 0304"]
[Site "Loire"]
[Date "2003.12.07"]
[Round "4.5"]
[White "Lorello, Alfio"]
[Black "Desterne, Romain"]
[Result "0-1"]
[WhiteElo "1860"]
[BlackElo "2020"]
[PlyCount "90"]
[EventDate "2003.10.12"]
[EventType "team"]
[EventRounds "9"]
[EventCountry "FRA"]
[SourceTitle "EXT 2008"]
[Source "ChessBase"]
[SourceDate "2007.11.25"]
[SourceVersion "1"]
[SourceVersionDate "2007.11.25"]
[SourceQuality "1"]

1. e4 c5 2. Nf3 d6 3. d4 cxd4 4. Nxd4 Nf6 5. Nc3 a6 6. f3 e5 7. Nb3 h5 8. Be3 Be6 9. Qd2 Be7 10. 0-0-0 b5 11. Kb1 Nbd7 12. Qf2 Qc7 13. Be2 b4 14. Nd5 Nxd5 15. exd5 Bf5 16. Bd3 Bxd3 17. Rxd3 a5 18. Nd2 f5 19. Nb3 a4 20. Na1 Bf6 21. g3 e4 22. fxe4 fxe4 23. Rd2 a3 24. Bd4 axb2 25. Bxb2 Bxb2 26. Kxb2 Qa5 27. Nb3 Qa3+ 28. Kb1 Qxa2+ 29. Kc1 Qa3+ 30. Kd1 Nf6 31. Qf5 0-0 32. Qe6+ Kh8 33. Rf1 Rae8 34. Qxd6 e3 35. Re2 Rd8 36. Qe6 Rfe8 37. Qf7 Rxd5+ 38. Ke1 Red8 39. Rxe3 Rd1+ 40. Kf2 Ng4+ 41. Ke2 R1d2+ 42. Ke1 Rd1+ 43. Ke2 Qa6+ 44. Rd3 R1xd3 45. Qxh5+ Nh6 0-1

[Event "FRA-chT3 Gr12 0304"]
[Site "Loire"]
[Date "2003.11.15"]
[Round "2.7"]
[White "Lorello, Alfio"]
[Black "Gerest, Yves"]
[Result "1-0"]
[WhiteElo "1860"]
[BlackElo "1820"]
[PlyCount "125"]
[EventDate "2003.10.12"]
[EventType "team"]
[EventRounds "9"]
[EventCountry "FRA"]
[SourceTitle "EXT 2008"]
[Source "ChessBase"]
[SourceDate "2007.11.25"]
[SourceVersion "1"]
[SourceVersionDate "2007.11.25"]
[SourceQuality "1"]

1. e4 c5 2. Nf3 Nc6 3. d4 cxd4 4. Nxd4 Nf6 5. Nc3 d6 6. Be2 e5 7. Nb3 Be6 8. 0-0 Be7 9. Kh1 0-0 10. Bg5 h6 11. Bh4 g5 12. Bg3 d5 13. Bd3 d4 14. Ne2 Nh5 15. Ng1 Ng7 16. Nd2 Qd7 17. a3 Rad8 18. f3 f5 19. exf5 Nxf5 20. Bf2 Nd6 21. Qe2 Bf6 22. Bg3 Nf5 23. Bf2 a6 24. Ne4 b5 25. Nc5 Qc8 26. Nxe6 Qxe6 27. Qe4 Bg7 28. Ne2 Qd5 29. Ng3 Nxg3+ 30. Bxg3 Qxe4 31. Bxe4 Ne7 32. Bd3 Nd5 33. Rfe1 Nf4 34. Bxf4 gxf4 35. a4 Rb8 36. Kg1 Rfe8 37. b3 Bf8 38. Re4 Bc5 39. g3 fxg3 40. hxg3 Re6 41. axb5 axb5 42. Ra5 Kg7 43. Kg2 Bb4 44. Rxb5 Rxb5 45. Bxb5 Kf6 46. Bc4 Rd6 47. Bd3 Bd2 48. Rg4 Rd8 49. Rg6+ Kf7 50. Rb6 Ke7 51. Bc4 Rd6 52. Rb5 Kf6 53. Kh3 Rc6 54. Rb7 Be3 55. Kg4 Kg6 56. Bd3+ Kf6 57. Kh5 Rc5 58. Be4 Ra5 59. Rb6+ Kf7 60. Kg4 Ra1 61. Kf5 Ke7 62. Re6+ Kd7 63. Rxe5 1-0